[Event "BL 9192 München 36-Bamberg"]
[Site "?"]
[Date "1992.??.??"]
[Round "?.8"]
[White "Reich, T."]
[Black "Kestler, H."]
[Result "1-0"]
[WhiteElo "2350"]
[BlackElo "2350"]
[PlyCount "99"]
[EventDate "1992.??.??"]

1. c4 Nf6 2. Nc3 d6 3. d4 e5 4. Nf3 Nc6 5. g3 Bg4 6. d5 Ne7 7. Bg2 g6 8. O-O
Bg7 9. e4 O-O 10. Be3 Bc8 11. h3 Nh5 12. Ne1 b6 13. Nd3 Bd7 14. g4 Nf6 15. f4
exf4 16. Bxf4 Ne8 17. Qd2 f5 18. gxf5 gxf5 19. Bg5 Bf6 20. Bxf6 Rxf6 21. Rae1
Ng6 22. e5 dxe5 23. Nxe5 Nxe5 24. Rxe5 Nd6 25. Qd4 Rg6 26. Ne2 Qf6 27. Nf4 Rh6
28. Qc3 Rf8 29. Re3 Qxc3 30. Rxc3 Re8 31. b4 Rf6 32. Rfc1 Rff8 33. Ra3 a5 34.
bxa5 Ra8 35. c5 bxc5 36. Rxc5 Ra7 37. Re3 Kf7 38. Ne6 Bxe6 39. dxe6+ Ke7 40.
Bd5 f4 41. Rec3 Ne8 42. Kf2 Kd6 43. Bb3 Ra6 44. Ba4 Kxe6 45. Rc6+ Rxc6 46. Bxc6
Nf6 47. a6 Ke5 48. Rc4 Nd5 49. a7 Nb6 50. Rb4 1-0

[Event "BL 9192 Bayern-Erfurt"]
[Site "?"]
[Date "1992.??.??"]
[Round "?.1"]
[White "Teske, H."]
[Black "Huebner, R."]
[Result "1/2-1/2"]
[WhiteElo "2455"]
[BlackElo "2615"]
[PlyCount "104"]
[EventDate "1992.??.??"]

1. c4 Nf6 2. g3 c6 3. Bg2 d5 4. cxd5 cxd5 5. Nf3 Nc6 6. d4 Bf5 7. Nc3 e6 8. Nh4
Bg4 9. O-O Be7 10. h3 Bh5 11. g4 Nd7 12. Nf5 exf5 13. gxh5 Nf6 14. Qb3 Qd7 15.
Nxd5 Nxd4 16. Qc4 Nxd5 17. Qxd4 Nf6 18. Qxd7+ Kxd7 19. Bxb7 Rab8 20. Bf3 Ne4
21. Be3 Rxb2 22. Bxa7 Ra8 23. Bd4 Rbxa2 24. Rxa2 Rxa2 25. Bxg7 Ra6 26. Rb1 Bf6
27. Rb7+ Ke6 28. h6 Bxg7 29. hxg7 Ra8 30. Rb6+ Ke5 31. Rh6 Rg8 32. Bxe4 fxe4
33. Rxh7 Kf6 34. Kh2 Kg6 35. Rh4 f5 36. Rh8 Rxg7 37. Rf8 Rh7 38. Kg3 Rh5 39.
Ra8 Kf6 40. Ra6+ Ke5 41. h4 Rh8 42. Rg6 Rh7 43. Rg5 Kf6 44. Rg8 Ke5 45. Re8+
Kf6 46. Rg8 Ke5 47. Kh3 Kf6 48. Ra8 Ke5 49. Ra5+ Kf6 50. f4 exf3 51. exf3 Rg7
52. Ra6+ Ke5 1/2-1/2

[Event "BL 9192 Bayern-Erfurt"]
[Site "?"]
[Date "1992.??.??"]
[Round "?.2"]
[White "Ribli, Z."]
[Black "Casper, T."]
[Result "1-0"]
[WhiteElo "2595"]
[BlackElo "2430"]
[PlyCount "65"]
[EventDate "1992.??.??"]

1. c4 Nf6 2. Nf3 d6 3. g3 e5 4. Bg2 g6 5. Nc3 Bg7 6. d4 Nbd7 7. O-O O-O 8. h3
c6 9. e4 a6 10. Qc2 Qe7 11. Be3 Re8 12. Rad1 exd4 13. Nxd4 Nc5 14. Rfe1 a5 15.
Bf4 Nfd7 16. Be3 Ne5 17. b3 f6 18. f4 Nf7 19. Bf2 Qc7 20. a3 Bd7 21. b4 axb4
22. axb4 Ne6 23. Nb3 g5 24. f5 Ned8 25. Ra1 Rxa1 26. Rxa1 Ne5 27. Na4 Rf8 28.
Nb6 Be8 29. c5 Ndf7 30. Nd4 dxc5 31. Ne6 Qxb6 32. Bxc5 Qb5 33. Bf1 1-0

[Event "BL 9192 Bayern-Erfurt"]
[Site "?"]
[Date "1992.??.??"]
[Round "?.3"]
[White "Paehtz, T."]
[Black "Hjartarson, J."]
[Result "0-1"]
[WhiteElo "2495"]
[BlackElo "2580"]
[PlyCount "118"]
[EventDate "1992.??.??"]

1. d4 Nf6 2. c4 e6 3. Nc3 d5 4. cxd5 exd5 5. Bg5 Be7 6. e3 c6 7. Bd3 O-O 8. Qc2
Nbd7 9. Nge2 Re8 10. h3 Nf8 11. g4 b5 12. O-O-O a5 13. Ng3 a4 14. Kb1 Qa5 15.
Nce2 Bd7 16. Nh5 Nxh5 17. Bxe7 Rxe7 18. gxh5 b4 19. Qd2 Re6 20. Rdg1 Kh8 21.
Rh2 Rf6 22. Rhg2 Ne6 23. f4 h6 24. h4 a3 25. b3 Rg8 26. Bc2 Nf8 27. Nc1 Bf5 28.
Bxf5 Rxf5 29. Nd3 Nd7 30. Qxb4 Qxb4 31. Nxb4 Nb8 32. Nc2 Rxh5 33. Nxa3 Rxh4 34.
Nc2 Nd7 35. Nb4 Rh3 36. Re1 Re8 37. Rge2 Re6 38. Kb2 g5 39. fxg5 hxg5 40. a4 c5
41. Nxd5 cxd4 42. exd4 Rd6 43. Ne3 Rxd4 44. a5 Nc5 45. Kc3 Re4 46. b4 Ne6 47.
b5 Ra4 48. a6 f5 49. Rb2 f4 50. b6 Nc5 51. a7 Nd7 52. b7 Rxa7 53. Rd1 Rxe3+ 54.
Kc4 Ne5+ 55. Kd5 Ra5+ 56. Kd6 Ra6+ 57. Kd5 Nd7 58. Rc1 Re5+ 59. Kd4 Rd6+ 0-1

[Event "BL 9192 Bayern-Erfurt"]
[Site "?"]
[Date "1992.??.??"]
[Round "?.4"]
[White "Hertneck, G."]
[Black "Mueller, Mat"]
[Result "1-0"]
[WhiteElo "2530"]
[BlackElo "2355"]
[PlyCount "59"]
[EventDate "1992.??.??"]

1. d4 d5 2. c4 e6 3. Nc3 Nf6 4. Bg5 Be7 5. e3 O-O 6. Rc1 h6 7. Bh4 b6 8. Bxf6
Bxf6 9. cxd5 exd5 10. Nge2 Bb7 11. g3 Na6 12. Bg2 c6 13. O-O Re8 14. Qd2 Nc7
15. Rfd1 Qe7 16. Nf4 Red8 17. b4 b5 18. a4 a6 19. Nd3 Ne8 20. Ra1 Nd6 21. Nc5
Qc7 22. Ne2 Qb6 23. Nf4 Rab8 24. Qc3 Nc4 25. a5 Qa7 26. e4 Ba8 27. e5 Be7 28.
e6 Bd6 29. exf7+ Qxf7 30. Bh3 1-0

[Event "BL 9192 Bayern-Erfurt"]
[Site "?"]
[Date "1992.??.??"]
[Round "?.5"]
[White "Schwarz, M."]
[Black "Boensch, U."]
[Result "0-1"]
[WhiteElo "2380"]
[BlackElo "2500"]
[PlyCount "78"]
[EventDate "1992.??.??"]

1. Nf3 d5 2. d4 Nf6 3. c4 e6 4. g3 dxc4 5. Bg2 Bd7 6. O-O Bc6 7. Qc2 Nbd7 8.
Qxc4 Bd5 9. Qd3 Be4 10. Qd1 c5 11. Nc3 Bc6 12. Bf4 cxd4 13. Qxd4 Bc5 14. Qd3
O-O 15. a3 Nb6 16. Qc2 Qe7 17. e4 Nh5 18. b4 Bd6 19. e5 Bc7 20. Be3 Rfc8 21.
Bc5 Qe8 22. Ng5 g6 23. f4 Nd5 24. Nge4 Nxc3 25. Qxc3 b6 26. Be3 Bxe4 27. Bxe4
Bd8 28. Qb3 Rab8 29. b5 Be7 30. Bc6 Qf8 31. a4 Ng7 32. g4 Bc5 33. Rfd1 Rd8 34.
Qc3 Bxe3+ 35. Qxe3 Qb4 36. Qe4 Qc5+ 37. Kg2 h5 38. h3 Qc3 39. Rac1 Rd2+ 0-1

[Event "BL 9192 Bayern-Erfurt"]
[Site "?"]
[Date "1992.??.??"]
[Round "?.6"]
[White "Kindermann, S."]
[Black "Maiwald, J."]
[Result "1-0"]
[WhiteElo "2505"]
[BlackElo "2340"]
[PlyCount "73"]
[EventDate "1992.??.??"]

1. e4 c5 2. Nf3 d6 3. d4 cxd4 4. Nxd4 Nf6 5. Nc3 Nc6 6. Be2 e5 7. Nf3 h6 8. O-O
Be7 9. Re1 O-O 10. h3 a6 11. Bf1 Qc7 12. Be3 Nb8 13. a4 b6 14. Nh4 Be6 15. Qf3
Qb7 16. Nf5 Bxf5 17. Qxf5 Rc8 18. Rad1 Nbd7 19. Bd3 Bf8 20. Qf3 Rc7 21. Qe2 Qc8
22. Rf1 Nc5 23. f4 Rc6 24. Bc4 exf4 25. Rxf4 Ne6 26. Rxf6 Rxc4 27. Rf5 Rb8 28.
Rdf1 Rb7 29. Qd3 g6 30. R5f2 b5 31. axb5 axb5 32. Nd5 Qd8 33. b3 Rc6 34. e5 Bg7
35. Nf6+ Bxf6 36. Rxf6 dxe5 37. Rxe6 1-0

[Event "BL 9192 Bayern-Erfurt"]
[Site "?"]
[Date "1992.??.??"]
[Round "?.7"]
[White "Brueggemann, Joa"]
[Black "Bischoff, K."]
[Result "1/2-1/2"]
[WhiteElo "2305"]
[BlackElo "2495"]
[PlyCount "71"]
[EventDate "1992.??.??"]

1. e4 c5 2. Nf3 e6 3. d4 cxd4 4. Nxd4 Nf6 5. Nc3 d6 6. Bg5 Be7 7. Qe2 a6 8.
O-O-O Nxe4 9. Bxe7 Nxc3 10. Bxd8 Nxe2+ 11. Nxe2 Kxd8 12. Rxd6+ Ke7 13. Rd2 b5
14. Nd4 Bb7 15. Rg1 Nd7 16. g3 Rac8 17. Bg2 Bxg2 18. Rxg2 Rc5 19. f3 Rhc8 20.
Rge2 g6 21. f4 h5 22. Re3 Nf6 23. a3 h4 24. Nf3 hxg3 25. hxg3 Rh8 26. b3 a5 27.
Re5 Rhc8 28. Rxc5 Rxc5 29. Ne5 b4 30. axb4 axb4 31. Rd4 Nd5 32. Rc4 Rb5 33. Kd2
Kf6 34. Kd3 g5 35. Ke4 gxf4 36. gxf4 1/2-1/2

[Event "BL 9192 Koblenz-Empor Berlin"]
[Site "?"]
[Date "1992.??.??"]
[Round "?.2"]
[White "Dizdar, G."]
[Black "Dautov, R."]
[Result "0-1"]
[WhiteElo "2495"]
[BlackElo "2610"]
[PlyCount "66"]
[EventDate "1992.??.??"]

1. Nf3 Nf6 2. c4 e6 3. g3 a6 4. Bg2 b5 5. b3 c5 6. O-O Bb7 7. Nc3 Qb6 8. d3 Be7
9. e4 d6 10. h3 Nc6 11. Be3 O-O 12. d4 cxd4 13. Nxd4 Nxd4 14. Bxd4 Qc6 15. cxb5
axb5 16. Rc1 Qa6 17. Re1 e5 18. Be3 b4 19. Na4 Bxe4 20. Bxe4 Nxe4 21. Rc7 Bd8
22. Rc4 Qb7 23. Bd2 d5 24. Rxb4 Qc6 25. Rexe4 dxe4 26. Rc4 Qd7 27. Rxe4 Bg5 28.
Nb6 Qxd2 29. Qxd2 Bxd2 30. Nxa8 Rxa8 31. Rxe5 f6 32. Re2 Rxa2 33. Kg2 Rb2 0-1

[Event "BL 9192 Koblenz-Empor Berlin"]
[Site "?"]
[Date "1992.??.??"]
[Round "?.3"]
[White "Muse, M."]
[Black "Seul, G."]
[Result "1-0"]
[WhiteElo "2445"]
[BlackElo "2415"]
[PlyCount "137"]
[EventDate "1992.??.??"]

1. Nf3 d6 2. d4 Bg4 3. g3 c6 4. Bg2 Nf6 5. c4 g6 6. Nc3 Bg7 7. h3 Bxf3 8. Bxf3
Nbd7 9. g4 Nb6 10. Qb3 Nfd7 11. Be3 e5 12. d5 c5 13. h4 h6 14. Ne4 Nf6 15. Qb5+
Kf8 16. Nxd6 e4 17. Nxe4 Nxe4 18. Bxe4 Nd7 19. d6 Rb8 20. a4 a6 21. Qb3 Nf6 22.
Bf3 Qxd6 23. a5 Nd7 24. Rd1 Qc7 25. Kf1 Kg8 26. Bd5 Ne5 27. Qb6 Qd7 28. Bf4 Re8
29. Bxe5 Rxe5 30. f3 Kh7 31. h5 Qe7 32. Rd2 Rd8 33. hxg6+ fxg6 34. Ke1 Re8 35.
Rh2 Re3 36. Kd1 Qe5 37. Rg2 Re7 38. Qd8 Re8 39. Qb6 Qe7 40. f4 Qh4 41. f5 Qf6
42. Qxf6 Bxf6 43. Kc2 R8e7 44. Be6 Bd4 45. Rd3 Rxd3 46. Kxd3 Bxb2 47. e3 Bf6
48. Ke4 h5 49. fxg6+ Kg7 50. Kf5 h4 51. Rh2 Re8 52. e4 Rh8 53. e5 Bd8 54. Rb2
Rf8+ 55. Bf7 h3 56. Rxb7 h2 57. Rb1 Rh8 58. Bd5 Rf8+ 59. Ke6 Bxa5 60. Be4 Re8+
61. Kd6 Bb4 62. e6 Rd8+ 63. Kc6 Kf6 64. Rf1+ Ke7 65. Rf7+ Kxe6 66. Bd5+ Ke5 67.
Rf5+ Kd4 68. Rh5 Rxd5 69. cxd5 1-0

[Event "BL 9192 Koblenz-Empor Berlin"]
[Site "?"]
[Date "1992.??.??"]
[Round "?.4"]
[White "Brueckner, T."]
[Black "Volke, K."]
[Result "0-1"]
[WhiteElo "2405"]
[BlackElo "2440"]
[PlyCount "68"]
[EventDate "1992.??.??"]

1. c4 Nf6 2. Nf3 g6 3. Nc3 Bg7 4. g3 O-O 5. Bg2 d6 6. O-O e5 7. d3 Nc6 8. Rb1
a5 9. Bg5 Ne7 10. a3 Be6 11. Nd2 c6 12. b4 axb4 13. axb4 d5 14. cxd5 cxd5 15.
Nb3 b6 16. Qd2 Qd7 17. d4 e4 18. f3 exf3 19. Bxf3 Bh3 20. Rfc1 Ra3 21. Qf4 Bf5
22. Rb2 Re8 23. Qh4 Ne4 24. Bxe4 dxe4 25. e3 Nc6 26. Nb5 Ra4 27. Nd2 Nxb4 28.
Nc3 Rc8 29. Rbb1 Nd3 30. Nxa4 Rxc1+ 31. Rxc1 Nxc1 32. Nxb6 Qb5 33. Nbc4 Qa4 34.
Qf4 Ne2+ 0-1

[Event "BL 9192 Koblenz-Empor Berlin"]
[Site "?"]
[Date "1992.??.??"]
[Round "?.5"]
[White "Poldauf, D."]
[Black "Wolf, V."]
[Result "1-0"]
[WhiteElo "2360"]
[BlackElo "2320"]
[PlyCount "69"]
[EventDate "1992.??.??"]

1. c4 e5 2. Nc3 Nf6 3. Nf3 Nc6 4. g3 d5 5. cxd5 Nxd5 6. Bg2 Nb6 7. O-O Be7 8.
d3 O-O 9. Be3 Be6 10. Qc1 Nd5 11. Bd2 f6 12. Ne4 Qd7 13. Nc5 Bxc5 14. Qxc5 Rfd8
15. Rfc1 a6 16. b4 Bg4 17. a4 Nde7 18. Rab1 Kh8 19. b5 axb5 20. axb5 Bxf3 21.
Bxf3 Nd4 22. Qxc7 Nxf3+ 23. exf3 Qxd3 24. Qxe7 Rd7 25. Ra1 Rb8 26. Qb4 Qxd2 27.
Qxd2 Rxd2 28. Rc7 h5 29. Ra7 Rb2 30. Rcxb7 Rc8 31. Rxg7 Rc1+ 32. Kg2 Rcc2 33.
Rad7 Rxf2+ 34. Kg1 Rg2+ 35. Kf1 1-0

[Event "BL 9192 Koblenz-Empor Berlin"]
[Site "?"]
[Date "1992.??.??"]
[Round "?.7"]
[White "Schoene, R."]
[Black "Fritsche, L."]
[Result "0-1"]
[WhiteElo "2340"]
[BlackElo "2395"]
[PlyCount "130"]
[EventDate "1992.??.??"]

1. d4 g6 2. c4 Nf6 3. g3 Bg7 4. Bg2 d6 5. Nf3 O-O 6. O-O c6 7. Nc3 Bf5 8. Ne1
e5 9. e4 Bg4 10. Qd3 exd4 11. Qxd4 Re8 12. Qd3 Na6 13. f3 Be6 14. b3 Nb4 15.
Qd2 a5 16. Bb2 Qc7 17. Rc1 Rad8 18. a3 Na6 19. Na4 Nc5 20. Nxc5 Qb6 21. a4
Qxc5+ 22. Kh1 Qb6 23. Qc2 Nd7 24. Bxg7 Kxg7 25. f4 f5 26. g4 fxg4 27. f5 Bf7
28. Qc3+ Kg8 29. Nd3 gxf5 30. exf5 Re3 31. Qc2 Rde8 32. Rf4 h5 33. Rg1 Ne5 34.
Nxe5 dxe5 35. Rff1 Qxb3 36. Qf2 Qc3 37. Qh4 e4 38. Qg5+ Kh7 39. f6 Rg8 40. Qf5+
Bg6 41. Qd7+ Kh6 42. Qe7 Re8 43. Qg7+ Kg5 44. Qc7 Qe5 45. Qxe5+ Rxe5 46. f7
Bxf7 47. Rxf7 Ra3 48. Rxb7 Rxa4 49. Rc1 Ra2 50. Rb6 h4 51. h3 c5 52. Rd6 g3 53.
Rd8 e3 54. Re1 e2 55. Bf3 Kf4 56. Kg2 Ke3 57. Rd5 Re7 58. Bh5 a4 59. Bg6 Rd2
60. Bh5 a3 61. Rxc5 a2 62. Ra5 Rb7 63. Ra3+ Kf4 64. Bg6 Rb1 65. Bxb1 axb1=Q 0-1

[Event "BL 9192 Koblenz-Empor Berlin"]
[Site "?"]
[Date "1992.??.??"]
[Round "?.8"]
[White "Weidemann, J."]
[Black "Thinius, M."]
[Result "0-1"]
[WhiteElo "2305"]
[BlackElo "2365"]
[PlyCount "48"]
[EventDate "1992.??.??"]

1. e4 e5 2. Nc3 Nf6 3. g3 d5 4. exd5 Nxd5 5. Bg2 Nxc3 6. bxc3 Bd6 7. Ne2 O-O 8.
O-O Nd7 9. d3 c6 10. f4 exf4 11. Nxf4 Ne5 12. h3 Ng6 13. Rb1 Be5 14. Rb3 Nxf4
15. Bxf4 Bxc3 16. Kh2 Bf6 17. Qd2 Re8 18. Re1 Re7 19. Reb1 Qe8 20. Rb4 b6 21.
Bd6 Re6 22. Re4 Rxe4 23. Bxe4 Qe6 24. Bxc6 Qxh3+ 0-1

[Event "BL 9192 Porz-Buna Halle"]
[Site "?"]
[Date "1992.??.??"]
[Round "?.1"]
[White "Malich, B."]
[Black "Christiansen, L."]
[Result "0-1"]
[WhiteElo "2435"]
[BlackElo "2595"]
[PlyCount "112"]
[EventDate "1992.??.??"]

1. Nf3 d6 2. d4 Nf6 3. c4 g6 4. Nc3 Bf5 5. g3 Bg7 6. Bg2 c6 7. O-O O-O 8. Nh4
Be6 9. b3 Qa5 10. Bb2 d5 11. cxd5 Bxd5 12. Nf3 Rd8 13. e3 Be6 14. Qe2 Qh5 15.
Ne5 Ng4 16. Nxg4 Bxg4 17. f3 Bh3 18. g4 Qh6 19. f4 Qh4 20. Bxh3 Qxh3 21. Ne4
Nd7 22. Rac1 Nf6 23. Nf2 Qh4 24. Qf3 Nd5 25. Nd3 e6 26. Rf2 a5 27. a4 Qe7 28.
Kg2 Rac8 29. Rfc2 h6 30. h3 Kh7 31. Bc3 Nxc3 32. Rxc3 Rd5 33. Rc5 Rcd8 34. Qf2
Rf8 35. h4 Rfd8 36. Kh3 Qf6 37. Ne5 Bf8 38. Rxd5 exd5 39. Qc2 Bd6 40. Kg3 Kg7
41. Qd2 Ra8 42. Qd3 Re8 43. Rc2 Qe6 44. Rh2 Bxe5 45. fxe5 f6 46. exf6+ Qxf6 47.
Rf2 Qd6+ 48. Kh3 Qe6 49. Rf3 h5 50. Rg3 hxg4+ 51. Kg2 Rh8 52. e4 Rxh4 53. e5
Qf5 54. Qe2 Qh5 55. Qe3 Rh1 56. Kf2 Qf5+ 0-1

[Event "BL 9192 Porz-Buna Halle"]
[Site "?"]
[Date "1992.??.??"]
[Round "?.2"]
[White "Vaganian, R."]
[Black "Lechtinsky, J."]
[Result "1/2-1/2"]
[WhiteElo "2590"]
[BlackElo "2410"]
[PlyCount "93"]
[EventDate "1992.??.??"]

1. Nf3 Nf6 2. c4 g6 3. Nc3 Bg7 4. g3 O-O 5. Bg2 c6 6. d4 d6 7. O-O Qa5 8. e4
Bg4 9. h3 Bxf3 10. Bxf3 Nfd7 11. Be3 Qb4 12. Qd3 Qxb2 13. Rab1 Qa3 14. Rxb7 Qa6
15. Rfb1 Nb6 16. Rc7 Nxc4 17. Rxe7 c5 18. e5 Nxe5 19. Qe4 Nxf3+ 20. Qxf3 Nc6
21. Rc7 Rac8 22. Rxc8 Rxc8 23. Ne4 cxd4 24. Bf4 Ne5 25. Bxe5 dxe5 26. Rb7 Qxa2
27. Kg2 h6 28. h4 Qe6 29. h5 a5 30. Ra7 a4 31. g4 gxh5 32. gxh5 a3 33. Nd6 e4
34. Nxe4 Kh8 35. Rxa3 Be5 36. Ra7 f5 37. Nd2 Qg8+ 38. Kf1 Qg4 39. Ra8 Rxa8 40.
Qxa8+ Kh7 41. Qf3 d3 42. Qxd3 Qd1+ 43. Kg2 Qg4+ 44. Kf1 Qd1+ 45. Kg2 Qxh5 46.
Nc4 Qg4+ 47. Kf1 1/2-1/2

[Event "BL 9192 Porz-Buna Halle"]
[Site "?"]
[Date "1992.??.??"]
[Round "?.3"]
[White "Hennings, A."]
[Black "Hickl, J."]
[Result "1-0"]
[WhiteElo "2375"]
[BlackElo "2515"]
[PlyCount "107"]
[EventDate "1992.??.??"]

1. e4 g6 2. d4 d6 3. Nc3 c6 4. Be3 Bg7 5. Qd2 b5 6. f3 Qc7 7. Bd3 Nd7 8. Nge2
Bb7 9. O-O a6 10. Nd1 c5 11. c3 e5 12. d5 c4 13. Bc2 Nc5 14. b4 cxb3 15. axb3
Nf6 16. Bh6 O-O 17. Bxg7 Kxg7 18. Ne3 Bc8 19. b4 Ncd7 20. Bd3 Nb6 21. Rfc1 Bd7
22. Ng3 Kh8 23. h3 Rfc8 24. Kh2 Ne8 25. Ng4 Bxg4 26. fxg4 Qe7 27. Rf1 Na4 28.
Ra3 Ra7 29. Rf3 Kg8 30. Bc2 Nb6 31. Qf2 Nc4 32. Ra1 Qb7 33. Bd3 Rc7 34. Nf1 Qb6
35. Qh4 Rc8 36. Bxc4 Rxc4 37. Nd2 Rc8 38. Nb3 Qd8 39. Qf2 Rcc7 40. Na5 Qg5 41.
Nc6 Ra8 42. Rf1 f6 43. Qg3 Rf7 44. h4 Qh6 45. g5 Qf8 46. Qh3 h6 47. Qe6 Ng7 48.
Qh3 Nh5 49. gxf6 Rxf6 50. Qd7 Qf7 51. Qxd6 Rf4 52. Nxe5 Rxh4+ 53. Kg1 Qa7+ 54.
R1f2 1-0

[Event "BL 9192 Porz-Buna Halle"]
[Site "?"]
[Date "1992.??.??"]
[Round "?.4"]
[White "Knaak, R."]
[Black "Schoeneberg, M."]
[Result "1-0"]
[WhiteElo "2505"]
[BlackElo "2335"]
[PlyCount "79"]
[EventDate "1992.??.??"]

1. d4 d6 2. Nf3 Bg4 3. c4 Bxf3 4. exf3 c6 5. Nc3 Nd7 6. Be2 Ngf6 7. f4 g6 8.
Be3 Bg7 9. d5 c5 10. Qc2 a6 11. a4 Qa5 12. Bd2 Qc7 13. f5 O-O-O 14. a5 gxf5 15.
Qxf5 Rde8 16. Qc2 e6 17. O-O h5 18. Rfd1 exd5 19. cxd5 Bh6 20. Bxh6 Rxh6 21.
Qd2 Rg6 22. Qf4 Kb8 23. h3 Reg8 24. Bf1 Ne5 25. Kh1 Nfg4 26. Ne4 Qe7 27. Re1 f5
28. Nxc5 Qh4 29. Kg1 Nh2 30. Qxh4 Nhf3+ 31. Kh1 Nxh4 32. Rxe5 dxe5 33. Nd7+ Kc7
34. Nxe5 Rd6 35. Rd1 Ng6 36. Nc4 Rdd8 37. Be2 h4 38. Bf3 Rg7 39. d6+ Kb8 40.
Rd5 1-0

[Event "BL 9192 Porz-Buna Halle"]
[Site "?"]
[Date "1992.??.??"]
[Round "?.5"]
[White "Trapl, J."]
[Black "Vogt, L."]
[Result "0-1"]
[WhiteElo "2385"]
[BlackElo "2515"]
[PlyCount "68"]
[EventDate "1992.??.??"]

1. e4 c5 2. g3 Nc6 3. Bg2 g6 4. d3 Bg7 5. f4 d6 6. Nf3 e6 7. O-O Nge7 8. c3 O-O
9. Be3 b6 10. Nbd2 Ba6 11. Qe2 d5 12. e5 d4 13. cxd4 Nxd4 14. Nxd4 cxd4 15. Bf2
Rc8 16. Ne4 Nf5 17. g4 Ne3 18. Bxe3 dxe3 19. Nd6 Rc5 20. Qxe3 g5 21. d4 Bxf1
22. Rxf1 gxf4 23. Qxf4 Rc2 24. Be4 Rxb2 25. g5 Qe7 26. Qh4 h6 27. Rf6 Qc7 28.
Qe1 hxg5 29. Qe3 Rc8 30. Rf1 Qc3 31. Bd3 Rc7 32. Qe4 Qd2 33. Qh7+ Kf8 34. Qh5
Qg2# 0-1

[Event "BL 9192 Porz-Buna Halle"]
[Site "?"]
[Date "1992.??.??"]
[Round "?.6"]
[White "Uhlmann, W."]
[Black "Liebert, H."]
[Result "1/2-1/2"]
[WhiteElo "2495"]
[BlackElo "2395"]
[PlyCount "110"]
[EventDate "1992.??.??"]

1. c4 e5 2. Nc3 Nc6 3. Nf3 Nf6 4. g3 Bb4 5. Bg2 O-O 6. O-O Bxc3 7. bxc3 d6 8.
d3 e4 9. Nd4 exd3 10. exd3 Nxd4 11. cxd4 c6 12. h3 Be6 13. g4 d5 14. c5 b6 15.
f4 bxc5 16. f5 Bc8 17. dxc5 Ba6 18. Bf4 Nd7 19. Bd6 Re8 20. Qd2 Qf6 21. Rad1
Qd4+ 22. Qf2 Qxf2+ 23. Rxf2 Re3 24. Bf1 Rae8 25. Rf4 Bb5 26. a4 Ba6 27. Kf2 g5
28. fxg6 hxg6 29. g5 Kg7 30. h4 f5 31. gxf6+ Nxf6 32. d4 Bxf1 33. Be5 R3xe5 34.
dxe5 Nh5 35. Rb4 Ba6 36. Re1 Rf8+ 37. Ke3 Ng3 38. Rg4 Nf1+ 39. Rxf1 Rxf1 40. h5
Re1+ 41. Kd2 Re2+ 42. Kc3 Re3+ 43. Kd2 Rxe5 44. Rxg6+ Kh7 45. Rxc6 Bc4 46. Rd6
Rxh5 47. c6 Ba6 48. Ke3 Kg7 49. Rd7+ Kf6 50. Rxa7 Bc8 51. a5 Be6 52. c7 Rh3+
53. Kd2 Ra3 54. Ra6 Ke7 55. Rxe6+ Kd7 1/2-1/2

[Event "BL 9192 Porz-Buna Halle"]
[Site "?"]
[Date "1992.??.??"]
[Round "?.7"]
[White "Dietze, W."]
[Black "Schoen, W."]
[Result "1/2-1/2"]
[WhiteElo "2290"]
[BlackElo "2370"]
[PlyCount "81"]
[EventDate "1992.??.??"]

1. d4 Nf6 2. Nf3 g6 3. c4 Bg7 4. Nc3 d5 5. e3 O-O 6. Be2 c5 7. O-O cxd4 8. exd4
Nc6 9. Be3 Be6 10. c5 Ne4 11. Na4 f5 12. Qc1 f4 13. Bxf4 Nxd4 14. Nxd4 Bxd4 15.
Be3 Bg7 16. Bh6 Bxh6 17. Qxh6 Qa5 18. b3 Bd7 19. Bd3 Bxa4 20. Bxe4 dxe4 21.
bxa4 Qxc5 22. Rae1 Rad8 23. Qh4 Rd4 24. Rxe4 e5 25. Rxd4 Qxd4 26. Qe7 Rf7 27.
Qe8+ Kg7 28. Qb5 e4 29. Qb3 b6 30. h3 Qd2 31. Qg3 Re7 32. Qh4 Re8 33. a3 Qd6
34. Rc1 Re7 35. Re1 Qxa3 36. Rxe4 Qc1+ 37. Kh2 Qc7+ 38. g3 Rf7 39. Re2 Qc5 40.
Kg2 Qd5+ 41. Kh2 1/2-1/2

[Event "BL 9192 Porz-Buna Halle"]
[Site "?"]
[Date "1992.??.??"]
[Round "?.8"]
[White "Jackelen, T."]
[Black "Becker, Mi"]
[Result "1/2-1/2"]
[WhiteElo "2400"]
[BlackElo "2310"]
[PlyCount "153"]
[EventDate "1992.??.??"]

1. Nf3 c5 2. c4 Nc6 3. Nc3 g6 4. e3 Nf6 5. d4 cxd4 6. exd4 d5 7. Bg5 Ne4 8.
cxd5 Nxc3 9. bxc3 Qxd5 10. c4 Qa5+ 11. Bd2 Qa3 12. d5 Nb4 13. Rb1 a5 14. Qb3
Qxb3 15. Rxb3 Bg7 16. a3 Nc2+ 17. Kd1 a4 18. Rd3 Na1 19. Nd4 Bxd4 20. Rxd4 Nb3
21. Re4 Bf5 22. Re3 Nxd2 23. Kxd2 Kd7 24. Be2 h5 25. Re1 Rhe8 26. f3 Kd6 27. h4
e5 28. g4 Bd7 29. Rb1 Kc7 30. g5 Ra5 31. Bd3 Rc5 32. Kc3 b5 33. Kb4 Kd6 34. f4
exf4 35. Rxe8 Bxe8 36. Rf1 bxc4 37. Bxc4 Bd7 38. Rxf4 Bf5 39. Rf2 Rc7 40. Re2
Bd7 41. Rf2 Rb7+ 42. Kc3 Bf5 43. Rf1 Re7 44. Rf3 Kc5 45. Bd3 Re5 46. Bxf5 Rxf5
47. Rd3 Rxd5 48. Re3 Rf5 49. Re4 Rf3+ 50. Kb2 Rb3+ 51. Ka2 Kb5 52. Re5+ Ka6 53.
Re4 Ka5 54. Rf4 Rb7 55. Ka1 Re7 56. Kb2 Re2+ 57. Kb1 Rh2 58. Rxf7 Rxh4 59. Rf6
Rg4 60. Rxg6 Kb5 61. Rg8 Kc4 62. g6 Kb3 63. Kc1 Rg1+ 64. Kd2 Kxa3 65. g7 h4 66.
Kc2 h3 67. Rh8 Rxg7 68. Rxh3+ Ka2 69. Rc3 a3 70. Rc8 Rg6 71. Rb8 Rc6+ 72. Kd2
Rh6 73. Kc2 Rh2+ 74. Kc1 Rb2 75. Rc8 Rb4 76. Rc7 Kb3 77. Kb1 1/2-1/2

[Event "BL 9192 Empor Berlin-Porz"]
[Site "?"]
[Date "1992.??.??"]
[Round "?.2"]
[White "Dautov, R."]
[Black "Lutz, C."]
[Result "1/2-1/2"]
[WhiteElo "2610"]
[BlackElo "2540"]
[PlyCount "50"]
[EventDate "1992.??.??"]

1. d4 Nf6 2. c4 e6 3. Nf3 d5 4. Nc3 Bb4 5. cxd5 exd5 6. Bg5 Nbd7 7. e3 c5 8.
Bd3 Qa5 9. Qc2 c4 10. Bf5 O-O 11. O-O Re8 12. Nd2 g6 13. Bxd7 Nxd7 14. f3 Nb6
15. h4 f6 16. Bf4 Bd7 17. e4 Ba4 18. Qc1 Bc6 19. Re1 Na4 20. Nxa4 Qxa4 21. e5
Ba5 22. exf6 Bb6 23. Qc3 Ba5 24. Qc1 Bb6 25. Qc3 Ba5 1/2-1/2

[Event "BL 9192 Empor Berlin-Porz"]
[Site "?"]
[Date "1992.??.??"]
[Round "?.5"]
[White "Hickl, J."]
[Black "Poldauf, D."]
[Result "1-0"]
[WhiteElo "2515"]
[BlackElo "2360"]
[PlyCount "55"]
[EventDate "1992.??.??"]

1. e4 e6 2. d4 d5 3. Nc3 Bb4 4. exd5 exd5 5. Bd3 Nc6 6. a3 Be7 7. Nce2 Bf6 8.
c3 Nge7 9. Ng3 g6 10. Bh6 Ng8 11. Bf4 h5 12. h3 h4 13. Nf1 Nh6 14. Ne3 Ne7 15.
Qe2 Kf8 16. Nf3 Nhf5 17. Ng4 Bg7 18. O-O f6 19. Rfe1 Nd6 20. Ng5 c6 21. Ne6+
Bxe6 22. Qxe6 Ne8 23. Re2 g5 24. Bh2 Nc8 25. c4 Qe7 26. Rae1 Qxe6 27. Rxe6 Nb6
28. Bg6 1-0

[Event "BL 9192 Empor Berlin-Porz"]
[Site "?"]
[Date "1992.??.??"]
[Round "?.6"]
[White "Stern, R."]
[Black "Knaak, R."]
[Result "0-1"]
[WhiteElo "2395"]
[BlackElo "2505"]
[PlyCount "74"]
[EventDate "1992.??.??"]

1. d4 Nf6 2. c4 d6 3. Nf3 g6 4. g3 Bg7 5. Bg2 O-O 6. O-O Nbd7 7. Qc2 e5 8. Rd1
Qe7 9. Nc3 c6 10. e4 exd4 11. Nxd4 Ne5 12. Qe2 Bg4 13. f3 Bd7 14. Be3 a6 15. b3
b5 16. cxb5 axb5 17. Nc2 Rab8 18. Qd2 b4 19. Ne2 d5 20. f4 Neg4 21. e5 Ne8 22.
Ba7 Rb7 23. Qd4 Nxe5 24. Qe3 Rxa7 25. Qxa7 Ng4 26. Rac1 Bb2 27. Rb1 Qxe2 28.
Qxd7 Bc3 29. h3 Qf2+ 30. Kh1 Nef6 31. Qxc6 Ne4 32. hxg4 Nxg3+ 33. Kh2 Ne2 34.
Rd3 Nxf4 35. Rg3 Qxc2 36. Rf1 Nxg2 37. Rxc3 bxc3 0-1

[Event "BL 9192 Empor Berlin-Porz"]
[Site "?"]
[Date "1992.??.??"]
[Round "?.7"]
[White "Vogt, L."]
[Black "Schoene, R."]
[Result "1/2-1/2"]
[WhiteElo "2515"]
[BlackElo "2340"]
[PlyCount "81"]
[EventDate "1992.??.??"]

1. e4 e5 2. Bc4 Nc6 3. Nc3 Nf6 4. d3 Na5 5. Nge2 Nxc4 6. dxc4 Bc5 7. O-O d6 8.
Qd3 O-O 9. Ng3 Kh8 10. h3 Ng8 11. Be3 Bxe3 12. Qxe3 b6 13. a4 Be6 14. b3 a5 15.
f4 exf4 16. Qxf4 Ne7 17. Nf5 f6 18. Rae1 Ng6 19. Qg3 Qd7 20. h4 Rf7 21. h5 Ne5
22. Nd5 Raf8 23. Nf4 Bxf5 24. exf5 Re8 25. Ne6 h6 26. Qf4 Rfe7 27. Re2 Nf7 28.
Rfe1 Ng5 29. Qg4 Kg8 30. Nxg5 Rxe2 31. Rxe2 Rxe2 32. Qxe2 fxg5 33. Qe4 Qf7 34.
g4 Kf8 35. Kf2 Qf6 36. Ke2 Qc3 37. Kd1 Qa1+ 38. Kd2 Qg1 39. Kc3 Qf2 40. Kb2 Qc5
41. Kc3 1/2-1/2